000 01162cam a22003014a 4500
001 12334696
005 20141211145922.0
008 010305s2001 maua bf 001 0 eng
010 _a 2001025582
020 _a0631212345 (alk. paper)
040 _aDLC
_cDLC
_dDLC
042 _apcc
050 0 0 _aRJ 131
_b.B475 2014
082 0 0 _a305.231
245 0 0 _aBlackwell handbook of infant development /
_cedited by Gavin Bremner and Alan Fogel.
260 _aMalden, MA :
_bBlackwell Pub.,
_cc2014.
300 _axii, 780 pages :
_billustrations ;
_c26 cm.
440 0 _aBlackwell handbooks of developmental psychology
504 _aIncludes bibliographical references and indexes.
521 _aEducation
650 0 _aInfants
_xDevelopment
_vHandbooks, manuals, etc.
650 0 _aInfants
_xHealth and hygiene
_vHandbooks, manuals, etc.
700 1 _aBremner, J. Gavin,
_d1949-
700 1 _aFogel, Alan.
906 _a7
_bcbc
_corignew
_d1
_eocip
_f20
_gy-gencatlg
942 _2lcc
_cBK
_kFOR
999 _c276940
_d276940